| 000 | 00909cab a2200241 4500 | ||
|---|---|---|---|
| 001 | ABS56586 | ||
| 008 | 090401t1997 xxu||||| |||| 00| 0 eng d | ||
| 035 | _a(Sirsi) u24697 | ||
| 041 | _aeng | ||
| 100 | _aWilson, M. | ||
| 245 | _aCompleting the HAT trick | ||
| 260 | _c1997 | ||
| 350 | _a0 | ||
| 490 |
_aHousing Today _v(19) 6 February 1997, 15(1) |
||
| 520 | _aFollowing the National Audit Office report on Waltham Forest housing action trust, the author, the chairman of the trust, argues that although the initial cost may be high, housing action trusts are an effective means of achieving sustainable regeneration and will prove to be good value for money in the long-term. | ||
| 650 | _aCOSTS | ||
| 650 | _aHOUSING ACTION TRUSTS | ||
| 650 | _aURBAN REGENERATION | ||
| 650 | _aWALTHAM FOREST HOUSING ACTION TRUST | ||
| 690 |
_aBlock management _96220 |
||
| 942 | _n0 | ||
| 948 | _c04/03/1997 | ||
| 999 |
_c16567 _d16567 |
||